[Event "HCL-C302"]
[Site "www.playchess.de"]
[Date "2001.04.30"]
[Round "5"]
[White "trebli"]
[Black "MEATHEAD"]
[WhiteElo "861"]
[BlackElo "862"]
[PlyCount "52"]
[Result "0-1"]

1.e4 e5 2.d3 Nc6 3.Nc3 d6 4.Be3 Nf6 5.Be2 g6 6.Nf3 
Bg7 7.O-O O-O 8.h3 b6 9.Qd2 Ne7 10.g4 c6 11.g5 Nh5 
12.h4 b5 13.b4 a5 14.bxa5 Qxa5 15.a3 Qc7 16.d4 Qd7 
17.dxe5 dxe5 18.Qxd7 Bxd7 19.a4 bxa4 20.Nxa4 Bg4 
21.Nc5 Rxa1 22.Rxa1 f6 23.Ne6 Bxe6 24.Nxe5 fxe5 
25.Ra5 Rb8 26.Rxe5 Bxe5 0-1

[Event "HCL-C310"]
[Site "www.playchess.de"]
[Date "2001.04.30"]
[Round "2"]
[White "jpechie"]
[Black "Jeremy"]
[WhiteElo "514"]
[BlackElo "1325"]
[PlyCount "74"]
[Result "0-1"]

1.e4 {Good luck}  c6 {Good luck to you as well!}  
2.d4 d5 3.Nd2 dxe4 4.Nxe4 Nd7 5.Nf3 Ngf6 6.Bd3 
Nxe4 7.Bxe4 Nf6 8.Qd3 Nxe4 9.Qxe4 Qa5+ 10.Bd2 Qb5 
11.b3 Qf5 12.Qxf5 Bxf5 13.c3 Be4 14.O-O Bxf3 
15.gxf3 e6 16.Bf4 O-O-O 17.a4 Bd6 18.Bxd6 Rxd6 
19.Rad1 Rhd8 20.Rd2 a5 21.Rb1 R6d5 22.Rc1 e5 
{Congrats on toppling the top rated player in this 
tournament!}  23.Rcd1 {I think he blundered. I 
will have to replay the game and see.}  c5 24.h4 
Kc7 25.Kf1 Kc6 26.Ke2 exd4 27.cxd4 R5xd4 28.R2xd4 
Rxd4 29.Rxd4 cxd4 30.Kd3 Kd5 31.f4 f5 32.f3 g6 
33.Ke2 Kc5 34.Kd3 b5 35.axb5 Kxb5 36.Kxd4 Kb4 
37.Ke5 {This does not look good}  Kxb3 
{Unfortunately for you I cannot see how you can 
win.The way you play I'll see you in class B 
soon.}  0-1

[Event "HCL-C310"]
[Site "www.playchess.de"]
[Date "2001.04.30"]
[Round "8"]
[White "Terran"]
[Black "esad"]
[WhiteElo "1000"]
[BlackElo "1602"]
[PlyCount "46"]
[Result "0-1"]

1.h4 d5 2.a4 c5 3.Ra3 e5 4.e3 c4 5.Nf3 Bxa3 6.bxa3 
Bg4 7.Be2 Nf6 8.d3 Bxf3 9.Bxf3 Nc6 10.Rh3 e4 
11.dxe4 dxe4 12.Be2 Qxd1+ 13.Kxd1 O-O-O+ 14.Bd2 
Ng4 15.Rg3 Nh6 16.Rxg7 Ne5 17.f4 Nd7 18.Bxc4 Nc5 
19.Bxf7 Nxf7 20.Rxf7 Nxa4 21.h5 Nb2+ 22.Ke1 Rdg8 
23.Nc3 Rxg2 0-1

[Event "ACL-A169"]
[Site "www.playchess.de"]
[Date "2001.04.30"]
[Round "9"]
[White "yunusov"]
[Black "vijal"]
[WhiteElo "1500"]
[BlackElo "1373"]
[PlyCount "49"]
[Result "1-0"]

1.d4 {hi}  d5 2.Nf3 Nf6 3.c4 c6 4.Nc3 Bf5 5.Qb3 
Qd7 6.cxd5 cxd5 7.Ne5 Qe6 8.Qxb7 Qb6 9.Qxa8 e6 
10.e3 Bb4 11.Nc6 O-O 12.Nxb4 Qxb4 13.Qxa7 Ne4 
14.Qa4 Qb7 15.Nxe4 Bxe4 16.f3 Bg6 17.Bb5 Rc8 
18.O-O h6 19.Bd2 Nc6 20.Rac1 Ne7 21.Rxc8+ Qxc8 
22.Rc1 Qb7 23.Qa5 Nf5 24.Qd8+ Kh7 
25.Rc8 1-0

[Event "HCL-C313"]
[Site "www.playchess.de"]
[Date "2001.04.30"]
[Round "4"]
[White "SPANKME"]
[Black "Wastl"]
[WhiteElo "1000"]
[BlackElo "1000"]
[PlyCount "24"]
[Result "0-1"]

1.e4 e6 2.d4 d5 3.exd5 exd5 4.Nc3 Bb4 5.a3 Bxc3+ 
6.bxc3 Nc6 7.Nf3 Bg4 8.Bg5 Bxf3 9.Qxf3 Qxg5 10.Bb5 
Nge7 11.O-O O-O 12.c4 Nxd4 0-1

[Event "ACL-A172"]
[Site "www.playchess.de"]
[Date "2001.04.30"]
[Round "2"]
[White "vijal"]
[Black "alexander"]
[WhiteElo "1373"]
[BlackElo "1500"]
[PlyCount "37"]
[Result "1-0"]

1.d4 d5 2.Nf3 Nf6 3.Bf4 Nh5 4.Bg3 g6 5.e3 b6 6.c4 
Bd7 7.Nc3 Nc6 8.Rc1 Nb4 9.a3 Na6 10.b4 dxc4 
11.Bxc4 b5 12.Bxb5 Qc8 13.Bxd7+ Qxd7 14.O-O c6 
15.Qd3 Qd6 16.Bxd6 exd6 17.Qxa6 Rc8 18.Qxc8+ Ke7 
19.Ne4 1-0

[Event "HCL-B325"]
[Site "www.playchess.de"]
[Date "2001.04.30"]
[Round "2"]
[White "patzyman"]
[Black "LADY"]
[WhiteElo "1225"]
[BlackElo "786"]
[PlyCount "73"]
[Result "1-0"]

1.e4 e5 2.Nf3 f6 3.d4 g5 4.dxe5 h5 5.exf6 Nxf6 
6.Bxg5 Be7 7.Nc3 Rg8 8.Bxf6 Bxf6 9.Ne5 {So 
LADY...how are you doing this fine Tuesday 
afternoon?  Hello from beautiful Saskatoon, 
Canada}  Bxe5 10.Qxh5+ Kf8 {Patzyman: doing 
fantastic today, having unusual weather today 
snowing.  Flowers blooming and snow.}  11.Qxe5 
{flowers and snow?  sounds like my part of the 
world...actually here snow is all gone...where u 
from?}  d6 {NORTH CAROLINA}  12.Qf4+ {North 
Carolina...capitalized no less...nice to see a 
love of home...snow in NC..it's a strange world}  
Ke8 {Yes, born,raised and plan to stay here.  
Beautiful state}  13.Nd5 {No doubt...always wanted 
to travel the southern states...maybe when i 
retire...in 30 yrs!}  Rf8 {Have been retired for 
4years & love every minute}  14.Qh6 {don't doubt 
it...too bad it takes a lifetime of work to get 
there!...lol}  Rf7 {retired to become a Minister 
of the Gospel}  15.Bc4 {very interesting;not 
religious myself but have a young son and hope to 
expose him to formal religion}  Na6 {I am not 
about religion, but about a relationship with 
Jesus Christ.}  16.O-O {must admit i don't know 
what it means to be a Minister of the 
Gospel...LADY got to go for today bye}  Nc5 {Will 
talk later. see ya,  peace}  17.Qg6 b5 18.Bxb5+ c6 
19.Bxc6+ Kf8 20.Bxa8 {hey LADY...how r things 
today?  much colder and windy here...not 
nice...feels like winter's back}  Ba6 {warm here 
today, planting flowers, cutting grass}  21.Bc6 
Nxe4 22.Qxe4 Qc8 23.Nb4 Re7 24.Qf4+ Rf7 25.Qxd6+ 
{all the best for a great Sunday, LADY...tlk to 
you later}  Re7 26.Rfe1 Qc7 27.Qxe7+ {this game is 
rapidly coming to a close, LADY...do you want to 
continue?}  Qxe7 {no, will this be a draw?}  
28.Rxe7 {unfortunately not, LADY...it's bleak for 
black}  Bc8 {good game, Patzyman}  29.Re8+ {you 
too LADY}  Kf7 {peace to you}  30.Rxc8 a5 31.Rd1 
axb4 32.Rd3 Ke6 33.Re8+ Kf7 34.Rf3+ Kg6 35.Rg8+ 
Kh7 36.Bd5 Kh6 37.Rh3+ 1-0

[Event "HCL-A152"]
[Site "www.playchess.de"]
[Date "2001.04.30"]
[Round "18"]
[White "LUPES"]
[Black "moidart"]
[WhiteElo "1818"]
[BlackElo "1900"]
[PlyCount "59"]
[Result "1-0"]

1.e4 c6 2.d4 d5 3.e5 Bf5 4.Nf3 e6 5.c3 Nd7 6.Be2 
c5 7.O-O Ne7 8.Nh4 Bg6 9.Be3 Nf5 10.Nxg6 hxg6 
11.Nd2 Be7 12.Bd3 c4 13.Bc2 b5 14.Qe2 Nb6 15.Qg4 
Rh4 16.Qe2 a5 17.f4 Rh8 18.Nf3 Nh4 19.g4 Kf8 20.f5 
gxf5 21.Nxh4 Bxh4 22.gxf5 Qe7 23.Qg4 Re8 24.Kh1 f6 
25.Rfg1 Qf7 26.fxe6 Rxe6 27.Bg6 Qe7 28.Raf1 Kg8 
29.Rf5 Nd7 30.Bh5 1-0

[Event "ACL-A174"]
[Site "www.playchess.de"]
[Date "2001.04.30"]
[Round "9"]
[White "DKCozy"]
[Black "vijal"]
[WhiteElo "1795"]
[BlackElo "1373"]
[PlyCount "69"]
[Result "1-0"]

1.f4 Nc6 2.Nf3 d5 3.e3 Nf6 4.Bb5 Bd7 5.O-O e6 6.b3 
Bd6 7.Bb2 Be7 8.Qe1 h6 9.c4 dxc4 10.Bxc4 O-O 
11.Na3 a6 12.Nc2 Nb4 13.Nxb4 b5 14.Be2 Bxb4 15.a3 
Be7 16.Ne5 Bd6 17.Rc1 c5 18.Rf3 Bxe5 19.Bxe5 Bc6 
20.Rg3 Ne8 21.b4 c4 22.Bc3 f6 23.Bh5 Qe7 24.Qe2 
Nd6 25.Rg6 Be4 26.Rg3 Nf5 27.Rg4 Bd3 28.Qf3 Rad8 
29.e4 Nd4 30.Bxd4 Rxd4 31.Re1 f5 32.exf5 Bxf5 
33.Rg3 Rd3 34.Qf2 Qh4 35.Rxg7+ 1-0

[Event "HCL-C315"]
[Site "www.playchess.de"]
[Date "2001.04.30"]
[Round "8"]
[White "dcscott"]
[Black "Hubb"]
[WhiteElo "728"]
[BlackElo "1100"]
[PlyCount "24"]
[Result "0-1"]

1.Nf3 {Good luck from Westerville, Ohio}  Nf6 2.g3 
d5 {Hello from Liège, Belgium}  3.Bg2 c6 4.O-O g6 
5.d3 Bg7 6.Nbd2 O-O 7.e4 dxe4 8.dxe4 Qc7 9.c4 Rd8 
10.b4 Nxe4 11.Nxe4 Rxd1 12.Rxd1 
Bxa1 0-1

[Event "HCL-B326"]
[Site "www.playchess.de"]
[Date "2001.04.30"]
[Round "4"]
[White "LADY"]
[Black "kldr"]
[WhiteElo "786"]
[BlackElo "1693"]
[PlyCount "42"]
[Result "0-1"]

1.d4 d5 {Hi, Alberta. Hope for a good game and 
much fun. Happy Easter to you. Klaus}  2.Nc3 Nf6 
3.b3 e6 4.a4 c5 5.g3 Nc6 6.Nb5 cxd4 7.Nf3 e5 8.Ng5 
Bb4+ {Where in the USA do you live, Alberta?}  
9.Nc3 {North Carolina}  Bxc3+ 10.Bd2 Bxa1 {And 
which town do you live in?}  11.Qxa1 {chapel hill, 
university of north carolina}  Bf5 12.h4 h6 13.b4 
hxg5 14.Bxg5 Nxb4 15.Qa3 Nxc2+ 16.Kd1 Nxa3 17.Bg2 
Qa5 18.Bd2 Qxa4+ 19.Ke1 Nc2+ 20.Kf1 Qa1+ {Bye, 
Alberta. Hope to meet you here again. Klaus}  
21.Be1 Qxe1+ 0-1

[Event "HCL-C304"]
[Site "www.playchess.de"]
[Date "2001.04.30"]
[Round "12"]
[White "chico"]
[Black "MEATHEAD"]
[WhiteElo "1269"]
[BlackElo "895"]
[PlyCount "53"]
[Result "1-0"]

1.e4 e5 2.Bc4 Nf6 3.Nc3 d6 4.Nf3 Bg4 5.h3 Bxf3 
6.Qxf3 g6 7.d3 Bg7 8.Be3 O-O 9.O-O-O c6 10.g4 b5 
11.Bb3 a5 12.a3 b4 13.Ne2 bxa3 14.bxa3 a4 15.Ba2 
c5 16.g5 Nh5 17.Ng3 Nxg3 18.Qxg3 Ra7 19.h4 Rb7 
20.Bd2 Qb6 21.Bc3 Nc6 22.h5 h6 23.hxg6 d5 24.gxh6 
fxg6 25.Qxg6 Nd8 26.Bxd5+ Nf7 27.Qxg7+ 1-0

[Event "HCL-A151"]
[Site "www.playchess.de"]
[Date "2001.04.30"]
[Round "20"]
[White "janus"]
[Black "THEGREENMILE"]
[WhiteElo "1924"]
[BlackElo "1389"]
[PlyCount "37"]
[Result "1-0"]

1.e4 c5 2.Nf3 d6 3.d4 cxd4 4.Nxd4 Nf6 5.Nc3 g6 
6.Be3 Bg7 7.f3 Nbd7 8.Qd2 a6 9.g4 Nc5 10.O-O-O Qa5 
11.g5 Nfd7 12.h4 b5 13.Nc6 Bxc3 14.Nxa5 Bxd2+ 
15.Rxd2 Ne5 16.f4 Ng4 17.Bd4 O-O 18.Bg2 Be6 
19.e5 1-0

[Event "HCL-B323"]
[Site "www.playchess.de"]
[Date "2001.04.30"]
[Round "35"]
[White "Quester"]
[Black "hassell"]
[WhiteElo "1501"]
[BlackElo "1745"]
[PlyCount "70"]
[Result "0-1"]

1.d4 Nf6 2.Nf3 g6 3.b3 Bg7 4.Bb2 O-O 5.Nbd2 d6 
6.e4 Nbd7 7.Bc4 c6 8.O-O d5 9.exd5 Nxd5 10.Re1 
N7b6 11.Be2 Qc7 12.c4 Nf4 13.h3 Bxh3 14.g3 Ne6 
15.Ne4 c5 16.Neg5 Nxg5 17.Nxg5 Bf5 18.Rb1 Bxb1 
19.Qxb1 Bxd4 20.Kg2 Nd7 21.Bxd4 cxd4 22.Bd3 Nf6 
23.f3 e5 24.Rh1 Rae8 25.Qc1 b6 26.Nxh7 Nxh7 27.Qh6 
f5 28.g4 Qf7 29.c5 Qg7 {I nearly played e4?? - too 
many beers!}  30.Bc4+ Kh8 31.Qg5 e4 32.f4 e3 
33.Be2 bxc5 34.Kf3 Qb7+ 35.Kg3 
Qxh1 0-1

[Event "ACL-A167"]
[Site "www.playchess.de"]
[Date "2001.04.30"]
[Round "6"]
[White "richard"]
[Black "mepms"]
[WhiteElo "1783"]
[BlackElo "2139"]
[PlyCount "44"]
[Result "0-1"]

1.Nf3 Nf6 2.g3 g6 3.b3 Bg7 4.Bb2 d6 5.Bg2 O-O 6.d4 
Nbd7 7.O-O c6 8.c4 Qc7 9.Nc3 Re8 10.e4 e5 11.Re1 
a5 12.d5 Nc5 13.h3 Bd7 14.Qd2 cxd5 15.cxd5 b5 
16.Rac1 Qa7 17.Nh4 b4 18.Nd1 Bb5 19.g4 Rec8 20.Qe3 
Qe7 21.f3 {ouch! I've been levered}  Nfd7 {levered 
?? :)}  22.Bf1 {pawn levers. wasn't Nd3 stronger?} 
 Bxf1 {Not really , I needed to create a more 
threat, but now I think is over :)} 
 0-1

[Event "HCL-C317"]
[Site "www.playchess.de"]
[Date "2001.04.30"]
[Round "2"]
[White "citywolf"]
[Black "chessext"]
[WhiteElo "1197"]
[BlackElo "1186"]
[PlyCount "54"]
[Result "0-1"]

1.e4 {desire for an italien opening?}  e5 {ok! i 
haven't got an email and your move is done since 
2:29 !!!}  2.Nf3 {for our kiebitz-fríends: we all 
know, he had to think bout this very tricky 
situation ;o)}  Nc6 3.Bc4 Bc5 {you will have a 
hard time beating me :)}  4.b4 {pat_pat..im sure 
this will be a game of hard situations... for 
both!}  Bxb4 {maybe i may have a hard time, but 
i'll beat you *bumm, zack, in die goschn* :)}  
5.c3 {a hard time, as always! .. eine gurke 
überreichen, häh? (<- for kiebitz: austrian 
insider-joke!)}  Ba5 6.d4 d6 7.Qb3 {oh, lasker's 
defence - what a surprise ;o) let check this way 
out ...}  Qd7 {i wonder WHO will break the line 
first :)}  8.dxe5 {u really wonder? i dont ;o)}  
dxe5 9.O-O {lets keep to the track... (and for 
that i needed 4 days?)}  Bb6 10.Bg5 {hehe 
$hände_reib$ -> time to break the line (oh jeah, 
baby, im the breaker--hihi)}  Nf6 11.Bh4 Nxe4 {i 
can see you chess-power draining away...}  12.Rd1 
{and i can see ur tears falling down `<;o)}  Nd6 
13.Ng5 Qf5 14.Rxd6 cxd6 15.Bxf7+ Kd8 {i'm VERY 
interested how you are going to continue}  16.Ne6+ 
{several ways to kill, i decide for this one - do 
ur prayers!}  Kd7 17.Nxg7 Qe4 18.g3 {surprised?}  
Qe1+ 19.Kg2 {run my dear king, run for ur life...} 
 Qxf2+ 20.Kh3 Kc7+ 21.Be6 Qf1+ 22.Kg4 h5+ 23.Nxh5 
{yumm-yumm}  Qe2+ 24.Kf5 Qxh5+ 25.Kf6 {ya think i 
can queen my king? hihi}  Qh6+ {perhaps! just try 
:)}  26.Kf7 {what a long way for an old man... 
$gasp$}  Bxe6+ {next move = mate}  27.Qxe6 {yep, i 
had hoped to get a stalemate ;o) maybe u have 
"seen" it.}  Raf8+ 0-1

[Event "ACL-A175"]
[Site "www.playchess.de"]
[Date "2001.04.30"]
[Round "36"]
[White "Edik"]
[Black "ulibear"]
[WhiteElo "1726"]
[BlackElo "1297"]
[PlyCount "25"]
[Result "1-0"]

1.e4 e6 2.d4 d5 3.Nd2 c5 4.exd5 Qxd5 5.Ngf3 Nc6 
6.Bc4 Qd8 7.dxc5 Bxc5 8.O-O Nge7 9.Ne4 Qxd1 
10.Rxd1 O-O 11.Nxc5 b6 {shameful, but that is 
chess}  12.Ne4 Na5 13.Be2 1-0

[Event "HCL-C326"]
[Site "www.playchess.de"]
[Date "2001.04.30"]
[Round "10"]
[White "Ewie"]
[Black "Eusebio"]
[WhiteElo "715"]
[BlackElo "799"]
[PlyCount "63"]
[Result "1-0"]

1.e4 e5 2.Nf3 Nc6 3.Bb5 a6 4.Bxc6 bxc6 5.Nxe5 f6 
6.Nf3 h5 7.O-O Bc5 8.b3 d5 9.d3 Qd6 10.Qd2 g5 
11.Re1 g4 12.e5 Qe6 13.exf6 gxf3 14.Rxe6+ Bxe6 
15.Qc3 O-O-O 16.f7 Nf6 17.Qxf6 Kd7 18.Bb2 fxg2 
19.Qxh8 Bxf7 20.Qxd8+ Kxd8 21.Bf6+ Kd7 22.Nc3 Ke6 
23.Bh4 Kf5 24.Re1 Kg4 25.Bg3 Kf3 26.Nd1 Kg4 
27.Ne3+ Kh3 28.Nxg2 Kg4 29.c3 Kf3 {Wanna quit?}  
30.d4 Ba3 {That's your last chance!}  31.h3 c5 {I 
Warned you!}  32.Re3+ {??}  1-0

[Event "HCL-B335"]
[Site "www.playchess.de"]
[Date "2001.04.30"]
[Round "9"]
[White "rafita"]
[Black "real1"]
[WhiteElo "1397"]
[BlackElo "1229"]
[PlyCount "25"]
[Result "1-0"]

1.e4 {hello and good luck!}  c5 2.Nf3 Nc6 {good 
luck to you}  3.d4 d5 4.exd5 Qxd5 5.Nc3 Qe6+ 6.Be2 
b6 7.d5 Qd6 8.dxc6 Qxc6 9.Bb5 Bd7 10.Bxc6 Bxc6 
11.O-O Nf6 12.Ne5 Bb7 13.Nb5 1-0

[Event "HCL-C329"]
[Site "www.playchess.de"]
[Date "2001.04.30"]
[Round "8"]
[White "Henri"]
[Black "docdds"]
[WhiteElo "623"]
[BlackElo "602"]
[PlyCount "54"]
[Result "0-1"]

1.e4 e6 {good skill, Henri. i play the French 
defense in your honor}  2.d4 {Thank you docdds and 
the best wine :-))}  d5 3.Bd3 c5 4.Nf3 cxd4 5.Nxd4 
Nf6 6.Nc3 Qb6 7.Bb5+ Bd7 8.O-O e5 9.Bxd7+ Nbxd7 
10.Na4 Qa6 11.b3 b5 12.Nb2 exd4 13.Qxd4 Bc5 14.Qd3 
dxe4 15.Qh3 O-O 16.Bg5 Rfe8 17.a4 h6 18.Bf4 Bd4 
19.c3 Be5 20.axb5 Qxb5 21.Nd3 {Tu joues bien !!! 
Henri}  Bxf4 {Merci beaucoup!}  22.Nxf4 Qxb3 
23.Rac1 Ne5 24.Rcb1 Qc4 25.Rbc1 a5 26.Rfe1 Rad8 
27.Ne2 Nd3 0-1

[Event "HCL-C323"]
[Site "www.playchess.de"]
[Date "2001.04.30"]
[Round "7"]
[White "Lukas"]
[Black "Nutz"]
[WhiteElo "1216"]
[BlackElo "1050"]
[PlyCount "49"]
[Result "1-0"]

1.e4 e5 2.Nf3 Nf6 3.Nxe5 Qe7 4.d4 Nxe4 5.Be2 c5 
6.O-O d6 7.Bb5+ Kd8 8.Nf3 Bd7 9.Bxd7 Nxd7 10.Re1 
d5 11.Ng5 Qf6 12.Nxe4 dxe4 13.Rxe4 Bd6 14.Nc3 g5 
15.Re1 Qh6 16.h3 Qh4 17.Nb5 Bf4 18.Qe2 Nf6 19.Qe7+ 
Kc8 20.Bxf4 Qxf4 21.g3 Re8 22.Qxc5+ Kd8 23.gxf4 
Rxe1+ 24.Rxe1 Nd7 25.Qc7+ 1-0

[Event "HCL-C323"]
[Site "www.playchess.de"]
[Date "2001.04.30"]
[Round "9"]
[White "Lukas"]
[Black "Yurispb"]
[WhiteElo "1216"]
[BlackElo "1485"]
[PlyCount "86"]
[Result "0-1"]

1.e4 c5 2.g3 Nc6 3.Bg2 e6 4.Nf3 Nf6 5.d3 d5 6.Nbd2 
Be7 7.O-O Qc7 8.h3 O-O 9.Qe2 Re8 10.b3 h6 11.Bb2 
d4 12.c4 e5 13.a4 Be6 14.Ne1 Nh7 15.Nc2 Qd7 16.Kh2 
Ng5 17.Qh5 Kh7 18.Nf3 Nxf3+ 19.Qxf3 Bg5 20.Bc1 
Bxc1 21.Raxc1 f5 22.Qe2 fxe4 23.Bxe4+ Kg8 24.Bg2 
e4 25.Rcd1 exd3 26.Qxd3 Bf5 27.Qd2 Re7 28.Rde1 
Rae8 29.Rxe7 Rxe7 30.Re1 Qe8 31.Rxe7 Qxe7 32.Ne1 
Nb4 33.Bf1 Qe4 34.Bg2 Qe7 35.Bf1 Qe6 36.Bg2 b6 
37.Bf1 Qe4 38.Bg2 Qb1 39.Qe2 Bg6 40.Qe6+ Kh7 41.f4 
Qf5 42.Qxf5 Bxf5 43.Bf1 Bb1 0-1

[Event "HCL-B339"]
[Site "www.playchess.de"]
[Date "2001.04.30"]
[Round "17"]
[White "mouloud"]
[Black "pfff5"]
[WhiteElo "1082"]
[BlackElo "1321"]
[PlyCount "53"]
[Result "1-0"]

1.e4 {miaou}  e5 {ouaf}  2.Nf3 {cot cot?}  Nc6 
3.Bc4 Nf6 {grrrrrrrrrr}  4.d3 h6 5.Nc3 Bb4 6.Bd2 
d6 7.Nd5 {je trouve no arguments tres contructifs} 
 Bxd2+ {moi aussi}  8.Qxd2 Bg4 9.Qe3 O-O 10.c3 a6 
11.h3 Bxf3 12.gxf3 Nxd5 13.Bxd5 Qg5 14.Qxg5 hxg5 
15.Rg1 Ne7 16.Rxg5 Ng6 17.Rxg6 c6 18.Rxd6 cxd5 
19.Rxd5 f6 20.Ke2 Kf7 21.Rd7+ Kg6 22.Rg1+ Kh6 
23.Rxb7 Rfg8 24.c4 g5 25.b4 Kh5 26.h4 gxh4 
27.Rh7+ 1-0

[Event "HCL-B339"]
[Site "www.playchess.de"]
[Date "2001.04.30"]
[Round "26"]
[White "Gruhni"]
[Black "quant"]
[WhiteElo "1321"]
[BlackElo "1320"]
[PlyCount "42"]
[Result "1/2-1/2"]

1.e4 c5 {hi gl}  2.Nf3 {hi}  d6 3.d4 cxd4 4.Nxd4 
Nf6 5.Bd3 a6 6.O-O e6 7.Bg5 Be7 8.Nc3 Nc6 9.Nxc6 
bxc6 10.Be3 O-O 11.a3 c5 12.Qf3 Rb8 13.Rab1 Bb7 
14.Qe2 Qc7 15.Bxa6 Nxe4 16.Bxb7 Nxc3 17.bxc3 Rxb7 
18.Rb3 Rfb8 19.Rfb1 d5 20.Qa6 R7xb3 21.cxb3 
Qb7 1/2-1/2

[Event "HCL-B341"]
[Site "www.playchess.de"]
[Date "2001.04.30"]
[Round "4"]
[White "pj287"]
[Black "fanny"]
[WhiteElo "1738"]
[BlackElo "1674"]
[PlyCount "62"]
[Result "1/2-1/2"]

1.c4 {Hi from Port Jervis,NY. Have a good game.}  
e5 {bonjour de Paris, bon jeu aussi}  2.e4 Nf6 
3.d3 d6 4.Nf3 h6 5.Be2 Be7 6.O-O b6 7.Nc3 c5 8.b3 
Nc6 9.Bb2 Bg4 10.h3 Bxf3 11.Bxf3 Nd4 12.Nd5 Nxd5 
13.cxd5 Nxf3+ 14.Qxf3 O-O 15.g4 Bg5 16.Bc1 Bxc1 
17.Raxc1 Qd7 18.Qg3 a5 19.f4 f6 20.f5 a4 21.h4 
axb3 22.axb3 Ra3 23.Rcb1 Qb5 24.g5 hxg5 25.hxg5 
fxg5 26.Qxg5 Qxd3 27.Qg4 Rxb3 28.Rxb3 Qxb3 29.f6 
Rf7 30.Qc8+ Kh7 31.Qf5+ Kg8 {what do you think 
about a draw?}  1/2-1/2

[Event "HCL-B347"]
[Site "www.playchess.de"]
[Date "2001.04.30"]
[Round "5"]
[White "Michael"]
[Black "Bastian2"]
[WhiteElo "887"]
[BlackElo "950"]
[PlyCount "84"]
[Result "0-1"]

1.d4 d5 2.Nc3 Nc6 3.Nf3 Bg4 4.e4 dxe4 5.d5 exf3 
6.dxc6 Qxd1+ 7.Nxd1 bxc6 8.Ne3 Nf6 9.Nxg4 Nxg4 
10.gxf3 Nf6 11.Bf4 Nd5 12.Be3 Nb4 13.Bd3 O-O-O 
14.Bxa7 Rxd3 15.Rc1 Rxf3 16.a4 Kb7 17.Bc5 e6 
18.Bxb4 Bxb4+ 19.c3 Bc5 20.Kd1 Rxf2 21.b4 Rd8+ 
22.Ke1 Be3 23.Ra1 Rfd2 24.a5 Ka6 25.Rf1 Rxh2 26.c4 
Bd2+ 27.Kd1 Bc3+ 28.Kc1 Bxa1 29.Rxf7 Bb2+ 30.Kb1 
Rd1+ 31.Ka2 Rd3 32.Kb1 Ba3 33.b5+ cxb5 34.cxb5+ 
Kxb5 35.Rf1 g5 36.Rg1 g4 37.a6 Kxa6 38.Ka1 g3 
39.Rf1 g2 40.Re1 Rh1 41.Rxh1 gxh1Q+ {%}  42.Ka2 
Qh2+ 0-1

[Event "HCL-B341"]
[Site "www.playchess.de"]
[Date "2001.04.30"]
[Round "18"]
[White "lonewolf"]
[Black "rbverhoef"]
[WhiteElo "1691"]
[BlackElo "1384"]
[PlyCount "97"]
[Result "1/2-1/2"]

1.e4 e5 2.f4 exf4 3.Nf3 g5 4.Bc4 g4 5.O-O gxf3 
6.Qxf3 Qf6 7.e5 Qxe5 8.d3 Bh6 9.Nc3 Ne7 10.Bd2 
Nbc6 11.Rae1 Qf5 12.Bxf4 Bxf4 13.Qxf4 Qxf4 14.Rxf4 
O-O 15.Rfe4 Ng6 16.Nb5 d6 17.Nxc7 Bf5 18.Nxa8 Bxe4 
19.Nc7 Bf5 20.Ne8 Be6 21.Nxd6 Bxc4 22.Nxc4 Nb4 
23.Ne3 Re8 24.a3 Nd5 25.Kf2 Ndf4 26.d4 Re4 27.Rd1 
a6 28.d5 Re7 29.d6 Rd7 30.g3 Nh3+ 31.Kg2 Ng5 32.c4 
Ne5 33.c5 f6 34.Nd5 Rf7 35.Re1 Kg7 36.Nf4 Ngf3 
37.Rd1 Ng5 38.h4 Ne4 39.Ne6+ Kg8 40.Rd4 f5 41.g4 
Nd7 42.b4 Nc3 43.gxf5 Nf6 44.Rd3 Ncd5 45.Rg3+ Kh8 
46.Kf3 Nc3 47.Ng5 {Lets play on awhile,ok}  Rd7 
{ok, let's do that!}  48.Ne6 {Thanks,appreciate 
it.Seems rather interesting at this point.}  Rf7 
{Sure, but I think I have to do the same thing 
again and again.}  49.Kg2 {Ok,a draw it will be.} 
 1/2-1/2

[Event "HCL-B341"]
[Site "www.playchess.de"]
[Date "2001.04.30"]
[Round "20"]
[White "lonewolf"]
[Black "hassell"]
[WhiteElo "1691"]
[BlackElo "1758"]
[PlyCount "75"]
[Result "1-0"]

1.d4 {Hope this one ennds up better then the last 
one.}  Nf6 {I hope not! - lol.  The best of luck.} 
 2.c4 {Good luck to you also.}  g6 3.Nc3 Bg7 4.Nf3 
O-O 5.e4 d6 6.Be2 e5 7.Be3 c6 8.d5 Na6 9.O-O c5 
10.a3 h6 11.Qc1 Kh7 12.Qb1 Ne8 13.b4 f5 14.Qb3 Nf6 
15.b5 Nc7 16.Qc2 f4 17.Bc1 g5 18.Re1 g4 19.Nh4 
Nce8 20.Bd2 Bh8 21.Bd3 Nh5 22.Nf5 Neg7 23.g3 Qf6 
24.gxf4 Nxf5 {This is incredibly complicated!}  
25.fxe5 {More so with every move!}  Qh4 26.exf5 
Bxe5 27.Rxe5 dxe5 28.d6 Nf6 29.Re1 Re8 30.Bc1 Rb8 
31.Nd5 Nxd5 {I think your revenge may be close at 
hand!}  32.f6+ {I'm working on it. :-)}  Kh8 {I 
can't watch!}  33.f7 Rf8 34.cxd5 Rxf7 35.Bb2 Bd7 
36.Rxe5 Kg8 37.Bh7+ Kf8 38.Re7 1-0

[Event "HCL-A168"]
[Site "www.playchess.de"]
[Date "2001.04.30"]
[Round "6"]
[White "Lydeking"]
[Black "janus"]
[WhiteElo "1703"]
[BlackElo "1915"]
[PlyCount "24"]
[Result "0-1"]

1.c4 Nf6 2.g3 e5 3.Bg2 Nc6 4.Nc3 Bc5 5.a3 a5 6.e3 
d6 7.Nge2 O-O 8.O-O Bg4 9.h3 Bd7 10.d4 Bb6 11.Rb1 
Bf5 12.e4 exd4 0-1

[Event "HCL-A168"]
[Site "www.playchess.de"]
[Date "2001.04.30"]
[Round "9"]
[White "teenspirit"]
[Black "Lydeking"]
[WhiteElo "1674"]
[BlackElo "1703"]
[PlyCount "21"]
[Result "1-0"]

1.e4 {Hi we meet again :)}  e5 2.f4 exf4 {hi 
again}  3.Bc4 Nf6 4.d3 Nc6 5.Bxf4 d5 6.exd5 Nxd5 
7.Bxd5 Qxd5 8.Nf3 Bc5 9.Nc3 Qe6+ 10.Qe2 Bb6 
11.O-O-O 1-0

[Event "HCL-C332"]
[Site "www.playchess.de"]
[Date "2001.04.30"]
[Round "3"]
[White "ledger"]
[Black "Wee_Doogie"]
[WhiteElo "1401"]
[BlackElo "1284"]
[PlyCount "39"]
[Result "1-0"]

1.e4 e5 2.Nf3 Nc6 3.Bc4 Bc5 4.c3 Nf6 5.d4 exd4 
6.cxd4 Bb4+ 7.Bd2 Bxd2+ 8.Nbxd2 d5 9.exd5 Nxd5 
10.Qb3 Nce7 11.O-O O-O 12.Rfe1 c6 13.a4 Qc7 
14.Rac1 Qf4 15.Re4 Qf6 16.Rce1 a6 17.a5 Re8 
18.Bxd5 cxd5 19.Qxd5 Rb8 20.R4xe7 1-0

[Event "HCL-C332"]
[Site "www.playchess.de"]
[Date "2001.04.30"]
[Round "21"]
[White "janaj"]
[Black "Cosmonauta"]
[WhiteElo "850"]
[BlackElo "915"]
[PlyCount "43"]
[Result "1-0"]

1.d4 d5 2.Nf3 Nf6 3.g3 Nc6 4.Bg2 e6 5.O-O Bd6 6.c3 
O-O 7.Qd3 a5 8.Bg5 b6 9.Bh4 h6 10.Nbd2 g5 11.Nxg5 
hxg5 12.Bxg5 Be7 13.Nf3 Ne4 14.Bh6 Re8 15.h4 Ba6 
16.Qe3 Bf6 17.Qf4 Kh7 18.Rac1 Bxe2 19.Ng5+ Nxg5 
20.hxg5 Bxf1 21.Bxf1 Be7 22.Qxf7+ 1-0